000 00867nam a2200289Ia 4500
003 OSt
005 20221006160250.0
006 a|||||r|||| 00| 0
007 ta
008 221006b |||||||| |||| 00| 0 eng d
020 _a9781848320383
_c£30.00
024 _a44,762
037 _bgift, Window on Korea
_cTextual
040 _aEASL
_cEASL
_beng
041 _2eng
_aeng
082 _aV42:19(zM).N45, Q0
100 _aStern Robert C
_9672702
245 0 _aFire from the sky
_b Surviving the kamikaze threat
260 _aLondon
_bSeaforth Publishinh
_c2010
300 _a384p.
_ccm.
490 _v JEL
650 _a Floating Chrysanthemums - Okinawa
_9672703
650 _a JEL
650 _aKamikaze Tactics
_9672704
942 _hV42:19(zM).N45, Q0
_cTEXL
_2CC
999 _c1112854
_d1112854